| 000 | 01081cam a2200337 a 4500 | ||
|---|---|---|---|
| 001 | 2858944 | ||
| 003 | OSt | ||
| 005 | 20140310184335.0 | ||
| 008 | 850304t19851960caua j 000 1 eng | ||
| 010 | _a 85005247 | ||
| 020 | _a0439322286 | ||
| 040 |
_aDLC _cDLC _dDLC |
||
| 042 | _alcac | ||
| 050 | 0 | 0 |
_aPZ 7 _b.Ea11 1960 |
| 100 | 1 |
_aEager, Edward. _923861 |
|
| 245 | 1 | 4 |
_aThe well-wishers / _cEdward Eager ; illustrated by N.M. Bodecker. |
| 260 |
_aNew York, NY : _bScholastic Inc., _c1960 |
||
| 300 |
_a220 p. : _bill. ; _c19 cm. |
||
| 490 | 0 | _aA Voyager/HBJ book | |
| 520 | _aSix children relate their experiences with an unpredictable old wishing well that involves them in some magical adventures during an eventful autumn. | ||
| 521 | _aG5 | ||
| 526 | _c790 | ||
| 562 | _e1 | ||
| 650 | 1 |
_aMagic _xFiction. _924099 |
|
| 650 | 1 |
_aWishes _xFiction. _924100 |
|
| 650 | 1 |
_aInterpersonal relations _xFiction. _924101 |
|
| 700 | 1 |
_aBodecker, N. M., _eill. _924102 |
|
| 906 |
_a7 _bcbc _corignew _d1 _eocip _f19 _gy-gencatlg |
||
| 942 |
_2lcc _cBK-SCHOLAS |
||
| 999 |
_c33725 _d33725 |
||